000 00501nam a2200181Ia 4500
008 100917s9999 xx 000 0 und d
082 _b45306
100 _aपाठक बि. अ.
245 _aजीवित साफल्य
260 _bमे. मॉडर्न प्रि.
_c1971
300 _a121
365 _b4
520 _aकथा
630 _aजीवित साफल्य
650 _aकथा
730 _aजीवित साफल्य
942 _cBOOK
999 _c650700
_d650697